Quizzes
Events
Quiz Creation
Community
Videos
Private Events
Remove Ads
Sign In
Join for FREE
Feedback
Dark Mode
Quiz Categories
Sports
Geography
Music
Movies
Television
Just For Fun
Miscellaneous
History
Literature
Language
Science
Gaming
Entertainment
Religion
Holiday
For Kids
Quiz Lab
Recent
Popular Today
Quiz Kudos Today
Editor Picks
Curator Picks
Quizzes by...
Day
Popularity
Type
Ratings
Length
Year
Community
Subscriptions
Recent Discussions
Orange Saloon
Badges
Playlists
Quests
Create
Leaderboards
Showdown
Live 5
Trivia Bingo
Activity
Puzzle Library
Sporcle Events
Private Events
Virtual Trivia
Globe League
Become a Host
Pub Owners
SporcleCon
Opinionation
Our Games
Videos
Blog
Mobile Apps
Partnerships
Remove Ads and Go Orange
Feedback
Music
Pop Music
The Beatles
Song
Album
Lyrics
Bands
Singers
Artist
Clip
Rock
Rap
Classical
Billboard
Country Music
Kpop
Taylor Swift
Music
Pop Music
The Beatles
Song
Album
Lyrics
Bands
Singers
Artist
Clip
Rock
Rap
Classical
Billboard
Country Music
Kpop
Taylor Swift
Random Quiz
Search Sporcle
×
Quiz Lab
Quiz Lab
Music
Song
Type in answers that appear in a list
Type in answers that appear in a list
Classic
Best Score? Go Orange.
Opeth Studio Songs (updated 2019) Stats
Can you name the Opeth Studio Songs (updated 2019)?
By
EzraBlumenfeld
15m
104 Questions
149 Plays
149 Plays
149 Plays
Comments
Comments
Give Quiz Kudos
Give Quiz Kudos
-
- Ratings
hide this ad
Replay
Link that replays current quiz
Next Quiz
Link to next quiz in quiz playlist
You Got
0%
They Got
Avg Score
72%
Avg Friend Score
Upgrade to see
Score Distribution
Jump to the score distribution portion of the page
Score
0/104
Timer
15:00
0
Plays Today
% Correct
Blackwater Park
93.3%
Deliverance
92.6%
Sorceress
91.9%
The Moor
91.3%
Bleak
90.6%
Windowpane
90.6%
Ghost of Perdition
90.6%
Black Rose Immortal
89.9%
The Leper Affinity
89.9%
The Drapery Falls
89.9%
Harvest
89.3%
The Baying of the Hounds
89.3%
Demon of the Fall
88.6%
Dirge for November
88.6%
Heritage
88.6%
Reverie\Harlequin Forest
87.9%
In Mist She Was Standing
85.9%
Face of Melinda
85.9%
The Funeral Portrait
85.9%
Coil
85.9%
The Grand Conjuration
85.2%
The Lotus Eater
85.2%
Master's Apprentices
84.6%
Benighted
83.9%
Wreath
83.9%
When
83.2%
Patterns in the Ivy
83.2%
To Bid You Farewell
82.6%
Beneath the Mire
82.6%
Isolation Years
82.6%
Hex Omega
82.6%
Heir Apparent
81.9%
Burden
81.2%
Nectar
80.5%
Godhead's Lament
80.5%
% Correct
Ending Credits
80.5%
Forest of October
79.9%
Moonlapse Vertigo
79.9%
Hours of Wealth
79.9%
Advent
79.2%
Epilogue
79.2%
Serenity Painted Death
79.2%
White Cluster
78.5%
By the Pain I See in Others
78.5%
In My Time of Need
78.5%
Closure
78.5%
Hope Leaves
78.5%
Prologue
77.9%
A Fair Judgement
77.9%
The Devil's Orchard
77.9%
Karma
77.2%
Atonement
77.2%
Hessian Peel
77.2%
The Amen Corner
75.8%
Death Whispered a Lullaby
75.8%
The Night and the Silent Water
75.2%
April Ethereal
75.2%
Weakness
75.2%
Porcelain Heart
75.2%
Eternal Rains Will Come
75.2%
Moon Above, Sun Below
75.2%
Cusp of Eternity
74.5%
Goblin
74.5%
Credence
72.5%
Sorceress 2
72.5%
For Absent Friends
71.8%
Under the Weeping Moon
71.1%
To Rid the Disease
71.1%
The Apostle in Triumph
70.5%
Madrigal
70.5%
% Correct
The Twilight Is My Robe
69.1%
River
68.5%
Slither
67.8%
Will o the Wisp
67.8%
Folklore
67.1%
Persephone
64.4%
Requiem
63.8%
Silhouette
63.1%
Heart in Hand
63.1%
Häxprocess
61.1%
Faith in Others
61.1%
Nepenthe
60.4%
Dignity
60.4%
The Wilde Flowers
59.7%
Era
59.1%
The Lines in My Hand
57%
All Things Will Pass
57%
Voice of Treason
56.4%
I Feel the Dark
55.7%
Strange Brew
55.7%
The Garroter
55%
Famine
54.4%
Marrow of the Earth
53.7%
Garden of Earthly Delights
53%
Elysian Woes
52.3%
Charlatan
52.3%
Universal Truth
49%
Lovelorn Crime
47.7%
The Seventh Sojourn
45.6%
Continuum
45.6%
Chrysalis
45%
Next of Kin
44.3%
Persephone (Slight Return)
40.9%
A Fleeting Glance
38.3%
Quiz Playlist
Details
Report
Send in Message
Add To Playlist
Classic:
Type in answers that appear in a list
Last Updated: Jan 12, 2021
Quiz Scoreboard
CHALLENGE
Sign Up to Join the Scoreboard
Show All
Scores
Hide
Comments
May contain spoilers
Recently Published
An Introduction to Baseball
by treessimontrees
Sports
5m
Movies - When Are They Set?
by FPL_Elf
Movies
5m
Popular People in 1961
by mucciniale
History
6m
More to Explore
Quiz From the Vault
Featured Blog Post
Where Did the Easter Bunny Come From?
hide this ad
You Might Also Like...
Tags
Song Quiz
2019
opeth
studio
Updated
Today's Top Quizzes in Music
Browse Music
hide this ad
Today's Top Quizzes in Song
Browse Song
Top Contributed Quizzes in Music
1
Taylor Swift All Songs (2024)
2
Guess the Artist- 70s Songs
3
One Thing in Common: Music
4
KPOP LOGIC QUIZ
5
2010s Album by Cover III
6
Taylor Swift Logic Puzzle
7
Guess the Taylor Swift song (Mystery Song)
8
7-to-1: Billboard Hot 100 #1 Hits of 2010s
9
2010s Album by Cover IV
10
2010s Album by Cover V
Explore More
Trending Topics
Marvel
Disney
NBA
Anime
Crossword
Harry Potter
Kpop
Soccer
The Office
Country
Pokémon
WWE
Puzzle
NFL
Song
hide this ad
More By:
EzraBlumenfeld
Quiz
Plays
Rating
Category
Featured
Created
Death songs
436
5.00
Music
Sep 27, 2019
Opeth Studio Songs (updated 2019)
149
4.50
Music
Sep 30, 2019
Angra Songs (Updated 2019)
68
Music
Oct 3, 2019
Amorphis songs (updated 2022)
64
5.00
Music
Jan 13, 2021
Begravement Songs
2
Music
Feb 8, 2021
Go to Creator's Profile
Score Distribution
Quiz Creator Spotlight
EzraBlumenfeld
Follow
Send a Message
Quizzes Created
-
Created Quiz Play Count
-
More By This Creator
Popular Quizzes Today
1
Find the Countries of Europe - No Outlines Minefield
2
Find the US States - No Outlines Minefield
3
The Countries of the World
4
Popular People in 1961
5
Find the US States
6
US States
7
1-10 Letter E Words III
8
Risky Map Clicking: Biggest States A-Z
More Music Quizzes
Find the Members of Fleetwood Mac
Published
Trending Quizzes
Risky Map Clicking: Least Populous States A-Z
1-10 Letter F Words
1-10 Letter G Words
Not Quite an Element Typing Challenge
One Thing in Common: United Kingdom
Recently Updated
Leaping Animals
pecheneg
Reality TV Shows (A-Z)
bhenderson79
Rickey Henderson's Hall of Fame Teammates
pecheneg
Champions League XIs: Arsenal
pecheneg
Quick Pick: Celebrities in WWE's Hall of Fame
aduchscher
A-Z Keypad Blitz II
pecheneg
Multiple Oscar Actors
pecheneg
Mystery Phrase Blitz: Oscar 'Best Actors'
pecheneg
F. Scott Fitzgerald Novels
LTH
Pick 3 Villains
ddd62291
Trending Topics
Harry Potter
Disney
NBA
Anime
Kpop
Crossword
Marvel
Song
Soccer
Country
NFL
Puzzle
The Office
WWE
Pokémon
Your Account Isn't Verified!
In order to create a playlist on Sporcle, you need to verify the email address you used during registration. Go to your
Sporcle Settings
to finish the process.
Report this User
Report this user for behavior that violates our
Community Guidelines
.
Details:
Send Report
Go to the Sporcle.com Mobile Site →
Comments